Представление документа в формате RUSMARC

ПолеНазваниеЗначение
  Тип записи a
  Библиографический уровень a
001 Контрольный номер RU/CBS_UL/BASE/da1cf2855e6f46f6ab05edaec907f0d4
005 Дата корректировки 20251216111707.2
100 Данные общей обработки __
a Данные общей обработки 20251216 ||| 0rusy0189 ca
101 Язык документа 0_
a Язык текста rus
102 Страна публикации __
a Страна публикации RU
200 Заглавие и сведения об ответственности 1_
a Заглавие Внимание, вирус!
e Сведения, относящиеся к заглавию [вирусные заболевания картофеля]
f Первые сведения об ответственности Т. Рыбакова
300 Общие примечания __
a Общие примечания 12+
461 Уровень набора _0
1 2000
a Дачный клуб
463 Уровень физической единицы _0
1 2000
a № 9
v С. 18-19 : фото
1 2101
d 2025
1 001RU/CBS_UL/BASE/5a4a8d2aaab4483a979cde29a44b5fa9
606 Тематические рубрики 0_
a Основная рубрика Картофель - Болезни и вредители
610 Ключевые слова 0_
a Ключевые слова картофель
610 Ключевые слова 0_
a Ключевые слова болезни картофеля
610 Ключевые слова 0_
a Ключевые слова вирусные болезни картофеля
610 Ключевые слова 0_
a Ключевые слова посадочный материал картофеля
610 Ключевые слова 0_
a Ключевые слова борьба с болезнями картофеля
686 Индексы других классификаций __
2 Код системы rubbk
a Классификационный индекс 42.151
700 Автор _1
a Фамилия Рыбакова
b Имя (инициалы) Т.
801 Источник записи _0
a Страна RU
b Организация МБУК ЦБС г. Ульяновска
c Дата составления 20251216
g Правила каталогизации RCR
801 Источник записи _1
a Страна RU
b Организация МБУК ЦБС г. Ульяновска
c Дата составления 20251216
g Правила каталогизации RCR
901 Тип документа __
t Тип документа b
w Контрольный № источника RU/CBS_UL/BASE/5a4a8d2aaab4483a979cde29a44b5fa9
909 Создатель записи __
a Создатель записи lib2